History Quiz

Random History or Blitz Quiz

1940s Blitz Quiz Stats

 Plays Quiz Updated Nov 7, 2016

Also try: 1950s Blitz
Challenge
Share
Tweet
Embed
Score 0/28 Timer 05:00
6 Plays Today
Category 1940s answer % Correct
Country occupied by Nazi forces [19]Belgium
93.9%
U.S. Presidents [2]Franklin D. Roosevelt
93.3%
British Prime Minister [3]Neville Chamberlain
90.5%
Original U.N. member from Asia [9]India
85.1%
World Series winning team [4]Indians
85%
NFL Championship winning team [6]Rams
73.5%
Disney animated features [10]Pinocchio
73.1%
D-Day Normandy beaches [5]Omaha
72.8%
Olympic Host City [2]London
72.6%
Stanley Cup winning team [5]Maple Leafs
70.5%
Five-star U.S. military officer [9]Douglas MacArthur
69.3%
Battleships sunk/damaged at Pearl Harbor [8]Arizona
61.8%
Oscar Best Actor [10]Jimmy Stewart
61.6%
Big Three conference locations [3]Yalta
55.1%
Category 1940s answer % Correct
Manhattan Project atom bombs [2]Fat Man
53.9%
English football champion [3]Liverpool
52.8%
Oscar Best Picture [10]Casablanca
48.2%
#1 Ranked U.S. girls name [2]Mary
48%
BAA (pre-NBA) Championship team [3]Bullets
45.3%
Crosby and Hope 'Road to...' destinations [4]Morocco
39.2%
Oscar Best Actress [9]Ginger Rogers
38.9%
World Heavyweight Boxing Champ [2]Joe Louis
38.3%
#1 Ranked U.S. boys name [1]James
38.2%
Newly discovered chemical elements [7]Berkelium
36.6%
Artist with 5 million + selling album [5]Gene Autry
33.4%
Best selling novel (U.S.) [10]How Green Was My Valley
13.3%
World's Fair cities [4]Lisbon
11.4%
Tony Best Musical [1]Kiss Me Kate
8%

You're not logged in!

Compare scores with friends on all Sporcle quizzes.
Join for Free
OR
Log In

You Might Also Like...

Show Comments

Extras

Top Quizzes Today


Score Distribution

Your Account Isn't Verified!

In order to create a playlist on Sporcle, you need to verify the email address you used during registration. Go to your Sporcle Settings to finish the process.

Report this User

Report this user for behavior that violates our Community Guidelines.

Details: